书目信息 |
| 题名: |
重塑制造业
|
|
| 作者: | 伯杰 著 ;廖丽华 译 | |
| 分册: | ||
| 出版信息: | 杭州 浙江教育出版社 2018 |
|
| 页数: | 250页 | |
| 开本: | 23cm | |
| 丛书名: | ||
| 单 册: | ||
| 中图分类: | F471.264 , F471.2 | |
| 科图分类: | ||
| 主题词: | 制造工业--研究--美国 | |
| 电子资源: | ||
| ISBN: | 978-7-5536-7449-0 | |
| 000 | 01218nam0 2200277 450 | |
| 001 | 2253287451 | |
| 005 | 20220918144841.84 | |
| 010 | @a978-7-5536-7449-0@dCNY79.90 | |
| 100 | @a20190109d2018 em y0chiy50 ea | |
| 101 | 1 | @achi@ceng |
| 102 | @aCN@b330000 | |
| 105 | @ay z 000yy | |
| 200 | 1 | @a重塑制造业@9chong su zhi zao ye@dMaking in America: from innovation to market/Suzanne Berger with MTI task force on production in the innovation economy@f(美)苏姗娜·伯杰(Suzanne Berger)著@g廖丽华译@zeng |
| 210 | @a杭州@c浙江教育出版社@d2018 | |
| 215 | @a250页@d23cm | |
| 305 | @a由The MIT Press授权出版 | |
| 306 | @a本书限中国大陆发行 | |
| 330 | @a本书给出了重塑制造业生态环境、保持本土制造业创新能力的可操作性建议,着重提出“创新是在生产制造中产生的”这一理论并加以证实,同时,还提出“分布式制造”的模式来解决创新市场化难题。 | |
| 510 | 1 | @aMaking in America: from innovation to market/Suzanne Berger with MTI task force on production in the innovation economy@zeng |
| 606 | 0 | @a制造工业@x研究@y美国 |
| 690 | @aF471.264@v5 | |
| 690 | @aF471.2@v4 | |
| 701 | 0 | @c(美)@a伯杰@9bo jie@c(Berger, Suzanne)@4著 |
| 702 | 0 | @a廖丽华@9liao li hua@4译 |
| 801 | 0 | @aCN@b91MARC@c20190109 |
| 905 | @aZUCC@dF471.2@e4 | |
| 重塑制造业=Making in America: from innovation to market/Suzanne Berger with MTI task force on production in the innovation economy/(美)苏姗娜·伯杰(Suzanne Berger)著/廖丽华译.-杭州:浙江教育出版社,2018 |
| 250页;23cm |
| ISBN 978-7-5536-7449-0:CNY79.90 |
| 本书给出了重塑制造业生态环境、保持本土制造业创新能力的可操作性建议,着重提出“创新是在生产制造中产生的”这一理论并加以证实,同时,还提出“分布式制造”的模式来解决创新市场化难题。 |
| ● |
| 相关链接 |
|
|
|
正题名:重塑制造业
索取号:F471.2/4
 
预约/预借
| 序号 | 登录号 | 条形码 | 馆藏地/架位号 | 状态 | 备注 |
| 1 | 2000898223 | 2000898223 | 第三书库/ [索取号:F471.2/4] | 在馆 | |
| 2 | 2000898224 | 2000898224 | 第三书库/ [索取号:F471.2/4] | 在馆 | |
| 3 | 2000898225 | 2000898225 | 第三书库/ [索取号:F471.2/4] | 在馆 |